000 01435nam a2200241Ia 4500
999 _c37855
_d37855
001 3833
003 GE_BSU
005 20190823143049.0
008 181216s1985||||ge |||||||||||||| ||geo||
040 _cGE_BSU
041 _ageo
080 _a271.222(479.22) თ–37
100 _aთაქთაქიშვილი, დ.
_93761
245 _aმოდერნიზმი ქართულ მართლმადიდებლობაში /
_cდ. თაქთაქიშვილი; რედ. ო. გაბიძაშვილი; საქართველოს სსრ მეცნ. აკად. პრეზიდიუმთან არსებული ათეისტური მუშაობის კომისია.
264 _aთბ. :
_bმეცნიერება,
_c1985.
300 _a56 გვ.;
_b20 სმ.
504 _a ბიბლიოგრ. ტექსტის შენიშვნ.
653 _aრელიგია
653 _aმართლმადიდებლობა საქართველოში
700 _aგაბიძაშვილი, ო.
_eრედაქტორი
_93762
710 _aსაქართველოს სსრ მეცნ. აკად. პრეზიდიუმთან არსებული ათეისტური მუშაობის კომისია.
_93763
942 _cBK
_2udc